01841nam a2200229 b 450000500170000000800410001702000230005804000140008104100060009508200120010110000280011324500370014126000460017830000210022450010460024594200450129194200140133694200140135099900190136495201080138395201200149120241003120204.0220701s9999 xx 000 1 und d a9780620890809qpbk aRDAcOCLC 2E aEF SHAB aShabangu, Pumza9159284 0aStrum my paincby Pumza Shabangu aSouth Africa;bAkwande Publishing;c2020. a243 pagesc21 cm aNdoniyamanzi Zwane is an orphan who has hardened herself against the harsh realities of her world. She dreams of a future where she can leave her small town to complete her studies and become an architect even though the odds are stacked against her. The pain she has been subjected to makes it impossible for anyone to break down her walls until one hot night with an enigmatic Lusanda Ngcobo turn her life on it axis Lusanda is a self-proclaimed playboy who has his life already planned for him. He has no time nor the inclination for love. He prefers playmates that know the score – to have a good time with no strings attached. When a passionate night with a dark beauty comes with the possibility of complication, he has no choice but to chase after her. As they find each other again, it becomes a battle of wills and passion between the two. With so many obstacles in their way and deep-seated layers of pain, will they be able to find love and strum each other’s pain away, or will they succumb to the pressure of expectations? w561xJohn Tresiddery174zSanet Schoeman 2ddccBOOK cBOOK2ddc c705297d705296 00104070aCHROLbCHROLd2022-07-04g231.20l0p3390900074791r2022-07-04w2022-07-04yBKzCHR 49/2021 00102ddc40708FaSTANRLbamercFICd2024-10-03g306.60l0oEF SHABp33228031151983r2024-10-03w2024-10-03yBOOK